[Event "RSA-chT U14"]
[Site "Cape Town"]
[Date "2016.01.06"]
[Round "6.4"]
[White "Joule, Ethan"]
[Black "Leenaerts, Evan"]
[Result "1-0"]
[WhiteElo "1315"]
[BlackElo "1026"]
[PlyCount "54"]
[EventDate "2016.01.04"]
[EventType "team-tourn"]
[EventRounds "7"]
[EventCountry "RSA"]
[SourceTitle "CBM 170 Extra"]
[Source "ChessBase"]
[SourceDate "2016.02.25"]
[SourceVersion "1"]
[SourceVersionDate "2016.02.25"]
[SourceQuality "1"]
[WhiteTeam "Johannesburg Metro"]
[BlackTeam "Ekurhuleni"]
[WhiteTeamCountry "RSA"]
[BlackTeamCountry "RSA"]

1. d4 d5 2. c4 Nc6 3. Nc3 Nf6 4. Nf3 e6 5. Bg5 h6 6. Bxf6 Qxf6 7. cxd5 exd5 8. Nxd5 Qd8 9. Nc3 Bd6 10. e3 Bg4 11. Bb5 0-0 12. 0-0 Nb4 13. a3 Nc6 14. Rc1 Qe8 15. d5 a6 16. dxc6 axb5 17. Nxb5 bxc6 18. Nxd6 cxd6 19. Qxd6 Bxf3 20. gxf3 Ra6 21. b4 Qd8 22. Qc5 Qf6 23. f4 Rc8 24. Qc3 Qh4 25. Kh1 Qg4 26. Rg1 Qf3+ 27. Rg2 f6 1-0